000 00616cab a2200205 4500
001 ABS40952
008 090401t1989 xxu||||| |||| 00| 0 eng d
035 _a(Sirsi) u27143
041 _aeng
100 _aClauzier, A.
245 _aHow French farmers view 1992
260 _c1989
350 _a0
490 _aAMC Review
_v(7) Summer 1989, 8-9(2)
520 _aAnalyses how French farmers are planning ahead for the single market including the influence of co-operatives , the role of banking and effect on quality .
650 _aFRANCE
690 _aRURAL PRACTICE
942 _n0
948 _c04/03/1997
999 _c18278
_d18278